Datum a čas kvízu
33.5
Celkem bodů
Celkový počet nahraných bodů na tomto kvízu bez doplňovacích otázek.
2.
Pořadí na kvízu
Konečné umístění týmu na tomto kvízu.
Zaznamenané odpovědi
| # | Otázka | Odpověď | Body | Výsledky |
|---|---|---|---|---|
| 1. | Který obchodní řetězec minulý... | Billa | 1 | |
| 2. | Na obrázku můžete vidět Leonor... | za lososa | 1 | |
| 3. | Amazon minulý týden oznámil, ž... | Hvězdná brána | 1 | |
| 4. | Automobilka Ford oznámila, že... | Focus | 1 | |
| 5. | Turecký fotbalista Kerem Aktur... | Harry Potter | 0 | |
| 6. | Za půl bodu uveďte název ameri... | Bratrstvo neohrožených/Band of Brothers; Richard „Dick“ Winters | 0.5 | |
| 7. | Seřaďte následující vojenské h... | 1D 2A 3C 4B | 1 | |
| 8. | Po půl bodu uveďte jméno inter... | Karel Kryl; Píseň neznámého vojína | 1 | |
| 9. | Uveďte jméno zobrazeného česko... | Alois Eliáš | 0 | |
| 10. | Ve kterém satirickém románu vy... | Hlava XXII (Catch-22) | 0 |